[Event "GAMMA Reykjavik Open 2019"]
[Site "Reykjavik ISL"]
[Date "2019.04.08"]
[Round "1.29"]
[White "Libiszewski, Fabien"]
[Black "Walton, Alan J"]
[Result "1-0"]
[WhiteTitle "GM"]
[BlackTitle "CM"]
[WhiteElo "2488"]
[BlackElo "2132"]
[WhiteFideId "616834"]
[BlackFideId "409898"]
[EventDate "2019.04.08"]

1. e4 e6 2. d4 d5 3. Nd2 Nf6 4. e5 Nfd7 5. f4 c5 6. Ngf3 b6 7. Bb5 a6 8. Bd3
cxd4 9. Nb3 Nc6 10. Nbxd4 Nxd4 11. Nxd4 Nc5 12. Qg4 f5 13. Qe2 Nxd3+ 14. cxd3
Bd7 15. Be3 Bb4+ 16. Kf2 O-O 17. a3 Be7 18. Rhc1 g5 19. b4 gxf4 20. Bxf4 a5 21.
Qb2 Bg5 22. Qd2 Be7 23. Kg1 axb4 24. axb4 Rxa1 25. Rxa1 Qb8 26. Nf3 Rf7 27. Bg5
Qf8 28. Bxe7 Rxe7 29. Ra6 Rg7 30. Qc3 Qd8 31. Qa1 Bc6 32. Qd4 Bb5 33. Rxb6 Bxd3
34. Rd6 1-0

[Event "GAMMA Reykjavik Open 2019"]
[Site "Reykjavik ISL"]
[Date "2019.04.08"]
[Round "1.31"]
[White "Prithu, Gupta"]
[Black "Marttala, Thomas"]
[Result "1-0"]
[WhiteTitle "IM"]
[WhiteElo "2478"]
[BlackElo "2131"]
[WhiteFideId "46618546"]
[BlackFideId "1701118"]
[EventDate "2019.04.08"]

1. Nf3 Nf6 2. g3 g6 3. Bg2 Bg7 4. c4 c6 5. b3 Ne4 6. d4 d5 7. O-O O-O 8. Bb2 f5
9. Nbd2 Nd7 10. cxd5 cxd5 11. Ne1 Ndf6 12. Nd3 Bh6 13. Nf3 g5 14. e3 b6 15. Nfe5
Bb7 16. f3 Nd6 17. Qd2 Rc8 18. a4 a5 19. Nf2 Qc7 20. Rfc1 Qb8 21. Bf1 Rxc1 22.
Rxc1 Rc8 23. Re1 Qc7 24. Bd3 Bg7 25. h3 e6 26. g4 fxg4 27. hxg4 Nf7 28. f4 Nxe5
29. fxe5 Ne4 30. Nxe4 dxe4 31. Bc4 Bd5 32. Rc1 Qd7 33. Qe2 Rf8 34. Ba3 Rf3 35.
Bb5 Qd8 36. Ba6 Bf8 37. Rc8 Qd7 38. Qc2 Qg7 39. Be2 Rf7 40. Bc4 Qh6 41. Bxd5
exd5 42. Bxf8 Rxf8 43. Qc6 Qxc6 44. Rxc6 Rf3 45. Rxb6 Rxe3 46. Rb5 Rg3+ 47. Kf2
Rxg4 48. Rxd5 h5 49. e6 Kf8 50. Re5 Ke7 51. d5 Rf4+ 52. Ke3 Rf8 53. Rxg5 Rf3+
54. Kxe4 Rxb3 55. Rg7+ 1-0

[Event "GAMMA Reykjavik Open 2019"]
[Site "Reykjavik ISL"]
[Date "2019.04.08"]
[Round "1.32"]
[White "Bentel, Robin"]
[Black "Loiseau, Quentin"]
[Result "1/2-1/2"]
[BlackTitle "IM"]
[WhiteElo "2130"]
[BlackElo "2461"]
[WhiteFideId "12918016"]
[BlackFideId "665274"]
[EventDate "2019.04.08"]

1. d4 d5 2. c4 e6 3. g3 dxc4 4. Qa4+ c6 5. Qxc4 Qd5 6. Qxd5 exd5 7. Nc3 Nf6 8.
Nf3 Bf5 9. Bg2 Be7 10. O-O O-O 11. Bf4 Nbd7 12. Rfd1 Rfe8 13. Ne1 Bb4 14. Kf1
Ne4 15. Nxe4 Bxe4 16. Bxe4 Rxe4 17. Nd3 Bf8 18. Ne5 Nxe5 19. Bxe5 Rg4 20. Rd3
Rd8 21. a3 Rg6 22. Rb3 Rd7 23. Bb8 a6 24. Rc3 Re6 25. Ba7 Be7 26. Bb6 f6 27. b4
Kf7 28. Rb1 h5 29. a4 g5 30. Bc5 Bxc5 1/2-1/2

[Event "GAMMA Reykjavik Open 2019"]
[Site "Reykjavik ISL"]
[Date "2019.04.08"]
[Round "1.33"]
[White "Saduakassova, Dinara"]
[Black "Maroroa, Sue"]
[Result "1-0"]
[WhiteTitle "IM"]
[BlackTitle "WIM"]
[WhiteElo "2461"]
[BlackElo "2128"]
[WhiteFideId "13700090"]
[BlackFideId "4301498"]
[EventDate "2019.04.08"]

1. d4 Nf6 2. c4 g6 3. g3 Bg7 4. Bg2 d6 5. Nc3 O-O 6. Nf3 Nc6 7. O-O e5 8. d5 Nb8
9. Ne1 a5 10. a3 Nbd7 11. Rb1 Nb6 12. b3 Nfd7 13. e4 f5 14. Nd3 f4 15. Nb5 g5
16. a4 Rf6 17. Ba3 Rh6 18. f3 Bf8 19. Qd2 c6 20. dxc6 bxc6 21. Nc3 c5 22. Nb5
Qe8 23. Nf2 Nf6 24. g4 Qc6 25. Bb2 Nbd7 26. Bc3 Qb6 27. Rfd1 Ra6 28. Qe1 Be7 29.
Rd3 Ne8 30. Nd1 Nf8 31. Bd2 Bd8 32. Ndc3 Qb7 33. Rd1 Qf7 34. Bc1 Qb7 35. Ba3 Rc6
36. Qd2 Nd7 37. Bb2 Nb8 38. Ne2 Na6 39. Bxe5 Nb4 40. Nxd6 Qe7 41. Nxe8 Nxd3 42.
Qxd3 Bb6 43. Qd5+ Rce6 44. Nd6 1-0

[Event "GAMMA Reykjavik Open 2019"]
[Site "Reykjavik ISL"]
[Date "2019.04.08"]
[Round "1.34"]
[White "Baldursson, Hrannar"]
[Black "Kevlishvili, Robby"]
[Result "0-1"]
[BlackTitle "IM"]
[WhiteElo "2122"]
[BlackElo "2451"]
[WhiteFideId "2301156"]
[BlackFideId "1040634"]
[EventDate "2019.04.08"]

1. c4 e5 2. Nc3 Nf6 3. g3 Bb4 4. Qc2 Nc6 5. e3 Bxc3 6. Qxc3 d5 7. Bg2 d4 8. Qa3
e4 9. Ne2 Bg4 10. Nxd4 Nxd4 11. exd4 Qxd4 12. O-O Be2 13. Re1 Bxc4 14. d3 Bxd3
15. Be3 Qd6 16. Bc5 Qa6 17. Qxa6 Bxa6 18. Bxe4 O-O-O 19. Bg2 b6 20. Bb4 Nd5 21.
Bd2 Bb7 22. b4 Rhe8 23. a4 Kb8 24. a5 Ne7 25. axb6 axb6 26. Bxb7 Kxb7 27. Bc3 f6
28. Rad1 Rxd1 29. Rxd1 Nf5 30. Kg2 Re4 31. Kf3 Rc4 32. Rd3 Kc6 33. g4 Ne7 34.
Bd2 Ng6 35. Kg3 Rxg4+ 36. Kxg4 Ne5+ 37. Kf5 Nxd3 38. f4 Kd5 0-1

[Event "GAMMA Reykjavik Open 2019"]
[Site "Reykjavik ISL"]
[Date "2019.04.08"]
[Round "1.35"]
[White "Stoyanov, Boris"]
[Black "Alashtar, Aasef"]
[Result "0-1"]
[WhiteElo "1533"]
[BlackElo "1905"]
[WhiteFideId "456462"]
[BlackFideId "7600607"]
[EventDate "2019.04.08"]

1. e4 g6 2. Nf3 Bg7 3. d4 d6 4. Bc4 c6 5. Nc3 Nf6 6. O-O b5 7. Bd3 O-O 8. Bf4
Nh5 9. Be3 e5 10. d5 b4 11. Ne2 cxd5 12. exd5 f5 13. Bc4 f4 14. Bd2 Bg4 15. Ne1
f3 16. gxf3 Rxf3 17. Nxf3 Bxf3 18. Qc1 Qh4 19. Re1 Qh3 20. Nf4 Nxf4 21. Bf1 Qg4+
22. Bg2 Qxg2# 0-1

[Event "GAMMA Reykjavik Open 2019"]
[Site "Reykjavik ISL"]
[Date "2019.04.08"]
[Round "1.36"]
[White "Fridjonsson, Julius"]
[Black "Korley, Kassa"]
[Result "0-1"]
[BlackTitle "IM"]
[WhiteElo "2117"]
[BlackElo "2440"]
[WhiteFideId "2300842"]
[BlackFideId "2033801"]
[EventDate "2019.04.08"]

1. c4 e6 2. Nf3 d5 3. b3 Nf6 4. Bb2 Be7 5. g3 O-O 6. Bg2 b6 7. O-O Bb7 8. d4
Nbd7 9. Nc3 c5 10. cxd5 Nxd5 11. Nxd5 Bxd5 12. Rc1 Rc8 13. Qd2 Nf6 14. Rfd1 h6
15. Qf4 Bd6 16. Ne5 Bxg2 17. Kxg2 Nd5 18. Qe4 f5 19. Qf3 Bxe5 20. dxe5 Qd7 21.
e4 fxe4 22. Qxe4 Rf5 23. Kg1 Rcf8 24. Rc2 Qf7 25. Qg2 Rf3 26. Rcd2 h5 27. Re1
Qf5 28. h4 a5 29. Bc1 Nb4 30. Rde2 Nc2 31. Rf1 Nd4 32. Re3 Qc2 33. a4 Rxf2 0-1

[Event "GAMMA Reykjavik Open 2019"]
[Site "Reykjavik ISL"]
[Date "2019.04.08"]
[Round "1.37"]
[White "Thorfinnsson, Bragi"]
[Black "Munshi, Aditya"]
[Result "1-0"]
[WhiteTitle "GM"]
[WhiteElo "2436"]
[BlackElo "2113"]
[WhiteFideId "2300958"]
[BlackFideId "436720"]
[EventDate "2019.04.08"]

1. d4 Nf6 2. Nc3 d5 3. Bg5 c5 4. Bxf6 gxf6 5. e4 cxd4 6. Qxd4 dxe4 7. Bb5+ Nc6
8. Qxe4 Bd7 9. O-O-O f5 10. Qe3 Bg7 11. Nf3 Qa5 12. Rxd7 Kxd7 13. Ne5+ Kc8 14.
Nc4 Qc7 15. Nd5 Qb8 16. Qc5 Bf8 17. Bxc6 e6 18. Bxb7+ Kxb7 19. Qb5+ Kc8 20. Qe8+
Kb7 21. Qd7+ 1-0

[Event "GAMMA Reykjavik Open 2019"]
[Site "Reykjavik ISL"]
[Date "2019.04.08"]
[Round "1.38"]
[White "Halldorsson, Bragi"]
[Black "Astaneh Lopez, Alex"]
[Result "0-1"]
[BlackTitle "IM"]
[WhiteElo "2112"]
[BlackElo "2427"]
[WhiteFideId "2300907"]
[BlackFideId "2501430"]
[EventDate "2019.04.08"]

1. d4 Nf6 2. c4 g6 3. Nc3 d5 4. e3 Bg7 5. Nf3 O-O 6. b4 c6 7. a4 Bg4 8. Qb3 Bxf3
9. gxf3 e6 10. Ba3 Nbd7 11. f4 Re8 12. Be2 dxc4 13. Bxc4 Nb6 14. Be2 Nfd5 15.
O-O Nxc3 16. Qxc3 Nxa4 17. Qb3 Nb6 18. b5 Qd5 19. Rfb1 Bf8 20. bxc6 bxc6 21. Qd1
Qd7 22. Rc1 Nd5 23. Qb3 Bxa3 24. Rxa3 Rec8 25. Rc5 Rc7 26. Rca5 Qe7 27. Bf3 g5
28. f5 exf5 29. Bxd5 cxd5 30. Ra1 Qe4 31. Qd1 g4 32. Qb1 Rc2 33. Rc5 Rxc5 34.
Qxe4 fxe4 35. dxc5 Rc8 36. Ra5 Kg7 37. Kg2 Rc6 38. Kg3 h5 39. Kf4 Kf6 40. Rxa7
Rxc5 41. Ra6+ Kg7 42. Rd6 Rc2 43. Kg5 Rxf2 44. Kxh5 Rxh2+ 45. Kxg4 Rf2 46. Rxd5
Kg6 47. Rd6+ f6 48. Rb6 Rf3 49. Ra6 Rxe3 50. Kf4 Re1 51. Ra4 Rh1 52. Ra6 Rh4+ 0-1

[Event "GAMMA Reykjavik Open 2019"]
[Site "Reykjavik ISL"]
[Date "2019.04.08"]
[Round "1.40"]
[White "Obrien, Matthew"]
[Black "Yoo, Christopher Woojin"]
[Result "0-1"]
[BlackTitle "IM"]
[WhiteElo "2110"]
[BlackElo "2414"]
[WhiteFideId "2059150"]
[BlackFideId "30909694"]
[EventDate "2019.04.08"]

1. e4 c5 2. Nf3 d6 3. d4 cxd4 4. Nxd4 Nf6 5. Nc3 Nc6 6. Bg5 e6 7. Qd2 a6 8.
O-O-O Bd7 9. f3 Nxd4 10. Qxd4 Be7 11. h4 Qc7 12. g4 b5 13. Bxf6 Bxf6 14. Qxd6
Qxd6 15. Rxd6 Be5 16. Rd1 Bc6 17. h5 Ke7 18. Bg2 g5 19. Ne2 b4 20. Kb1 Rhd8 21.
Nc1 a5 22. Nd3 Bc7 23. Nf2 Bg3 24. Nh3 h6 25. Kc1 Be5 26. Nf2 Bd4 27. Nd3 e5 28.
Rhe1 f6 29. Bf1 Rdb8 30. Kb1 a4 31. Nc1 Ra5 32. Re2 Bd7 33. Red2 Be6 34. Rd3 Rc5
35. b3 Ra5 36. Ne2 Bc5 37. R1d2 Rba8 38. Nc1 Bd4 39. Rxd4 exd4 40. Rxd4 axb3 41.
cxb3 Rb8 42. Nd3 Rab5 43. Kb2 R5b6 44. Kc2 Rc6+ 45. Kb2 Rcb6 46. Kc2 R8b7 47.
Be2 Rc7+ 48. Kb2 Rd7 49. Rxd7+ Bxd7 50. Kc2 Kd6 51. Kd2 Rb8 52. Bd1 Bc8 53. Bc2
Ba6 54. Nb2 Ke5 55. Ke3 Rc8 56. Bd3 Rc3 57. Kd2 Bxd3 58. Nxd3+ Kd4 59. Ne1 Rc8
60. Nd3 Rb8 61. Ne1 Ra8 62. Nc2+ Kc5 63. Kd3 Rxa2 64. Nd4 Rb2 65. Ke3 Rb1 66.
Ne6+ Kd6 67. Nd4 Rc1 68. Ne2 Rc2 69. Kd3 Rc8 70. Ke3 Ke5 71. Kd3 Rc7 72. Ke3 Rc6
73. Kd3 Rd6+ 74. Ke3 Rd1 75. f4+ gxf4+ 76. Nxf4 Re1+ 77. Ne2 Rxe2+ 78. Kxe2 Kxe4 0-1

[Event "GAMMA Reykjavik Open 2019"]
[Site "Reykjavik ISL"]
[Date "2019.04.08"]
[Round "1.41"]
[White "Eggleston, David J"]
[Black "Vidic, Teja"]
[Result "0-1"]
[WhiteTitle "IM"]
[BlackTitle "WFM"]
[WhiteElo "2401"]
[BlackElo "2102"]
[WhiteFideId "412120"]
[BlackFideId "14605511"]
[EventDate "2019.04.08"]

1. e4 c5 2. Nf3 Nc6 3. d4 cxd4 4. Nxd4 Nf6 5. Nc3 d6 6. g3 g6 7. Bg2 Bg7 8. Nde2
Bd7 9. O-O Qc8 10. Nf4 O-O 11. Ncd5 Re8 12. Nxf6+ Bxf6 13. Nd5 Bg7 14. c3 b5 15.
a4 Ne5 16. axb5 Bxb5 17. Re1 e6 18. Nf4 Qc7 19. Ra2 Reb8 20. h4 a5 21. h5 g5 22.
h6 gxf4 23. gxf4 Nd3 24. hxg7 Nxe1 25. Qxe1 Qc4 26. b3 Qxb3 27. Rb2 Qc4 28. f5
exf5 29. exf5 Bc6 30. f3 Rxb2 31. Bxb2 Qc5+ 32. Kh1 Qxf5 33. c4 a4 34. Qc3 Qh5+
35. Kg1 Qc5+ 36. Kh1 a3 37. Ba1 Rb8 38. Qd3 a2 39. Qd4 Rb1+ 40. Kh2 Qh5+ 41. Bh3
Qxf3 0-1

[Event "GAMMA Reykjavik Open 2019"]
[Site "Reykjavik ISL"]
[Date "2019.04.08"]
[Round "1.43"]
[White "Tania, Sachdev"]
[Black "Birkisson, Bjorn Holm"]
[Result "1-0"]
[WhiteTitle "IM"]
[WhiteElo "2397"]
[BlackElo "2094"]
[WhiteFideId "5007844"]
[BlackFideId "2310600"]
[EventDate "2019.04.08"]

1. d4 d5 2. c4 c6 3. Nf3 Nf6 4. Nc3 g6 5. a4 e6 6. e3 Be7 7. Bd3 O-O 8. O-O Nbd7
9. b3 Re8 10. Bb2 b6 11. e4 dxe4 12. Nxe4 Bb7 13. Qc2 h6 14. Ne5 Nxe4 15. Bxe4
Nxe5 16. dxe5 Qc7 17. f4 c5 18. f5 Bxe4 19. Qxe4 exf5 20. Rxf5 a6 21. Rxf7 1-0

[Event "GAMMA Reykjavik Open 2019"]
[Site "Reykjavik ISL"]
[Date "2019.04.08"]
[Round "1.45"]
[White "Pigott, John C"]
[Black "Mai, Aron Thor"]
[Result "1-0"]
[WhiteTitle "IM"]
[WhiteElo "2384"]
[BlackElo "2067"]
[WhiteFideId "400459"]
[BlackFideId "2313383"]
[EventDate "2019.04.08"]

1. c4 Nf6 2. Nc3 g6 3. g3 Bg7 4. Bg2 O-O 5. d4 d6 6. Nf3 Nbd7 7. O-O e5 8. e4
exd4 9. Nxd4 Re8 10. h3 a6 11. Qc2 Rb8 12. Rd1 Ne5 13. c5 dxc5 14. Nf5 Nfd7 15.
Nxg7 Kxg7 16. b3 Nc6 17. Bb2 Kg8 18. Nd5 Re6 19. Rd2 b6 20. Rad1 Rb7 21. Nf4 Re8
22. e5 Nd4 23. Bxd4 cxd4 24. e6 fxe6 25. Bxb7 Bxb7 26. Rxd4 Bc8 27. Qc6 Re7 28.
Nxe6 Qe8 29. Nxc7 Re1+ 30. Kg2 Nc5 31. Qxe8+ Rxe8 32. Nxe8 1-0

[Event "GAMMA Reykjavik Open 2019"]
[Site "Reykjavik ISL"]
[Date "2019.04.08"]
[Round "1.46"]
[White "Danielsen, Arne"]
[Black "Ragnarsson, Dagur"]
[Result "0-1"]
[BlackTitle "FM"]
[WhiteElo "2065"]
[BlackElo "2380"]
[WhiteFideId "1501968"]
[BlackFideId "2304058"]
[EventDate "2019.04.08"]

1. d4 Nf6 2. Nf3 g6 3. e3 Bg7 4. Be2 O-O 5. O-O d5 6. c3 Nbd7 7. b3 c5 8. Bb2
Qc7 9. Nbd2 Rd8 10. Rc1 e5 11. Nxe5 Nxe5 12. dxe5 Qxe5 13. Nf3 Qe8 14. h3 b5 15.
Bd3 a5 16. Re1 Ne4 17. Qc2 Bf5 18. Qe2 Rab8 19. Bb1 Qe7 20. Nd2 Nxd2 21. Qxd2
Be6 22. Qe2 c4 23. e4 Qg5 24. exd5 Rxd5 25. Qe3 Qxe3 26. fxe3 Rd2 27. Rc2 Rxc2
28. Bxc2 b4 29. Rd1 Be5 30. bxc4 Bxc4 31. a4 bxc3 32. Ba3 Bb3 33. Bxb3 Rxb3 34.
Rd8+ Kg7 35. Bf8+ Kf6 36. Rc8 Rb8 37. Rc6+ Kf5 38. Bd6 Bxd6 39. Rxd6 c2 0-1

[Event "GAMMA Reykjavik Open 2019"]
[Site "Reykjavik ISL"]
[Date "2019.04.08"]
[Round "1.47"]
[White "Van de Plassche, Bas"]
[Black "Bjorgvinsson, Andri Freyr"]
[Result "1-0"]
[WhiteTitle "FM"]
[WhiteElo "2376"]
[BlackElo "2058"]
[WhiteFideId "1001965"]
[BlackFideId "2306913"]
[EventDate "2019.04.08"]

1. d4 Nf6 2. c4 e6 3. Nc3 Bb4 4. e3 O-O 5. Bd3 c5 6. Ne2 d5 7. cxd5 cxd4 8. exd4
Nxd5 9. O-O Nc6 10. Bc2 Re8 11. Qd3 g6 12. Rd1 Bf8 13. a3 Bd7 14. Ne4 Qc7 15.
Bb3 Nce7 16. h4 Bg7 17. h5 Bc6 18. hxg6 hxg6 19. Ng5 Nf5 20. Bd2 Rad8 21. Qh3
Nf6 22. Bf4 Qe7 23. g4 Nd6 24. f3 Nd5 25. Bd2 Bb5 26. Re1 Bxe2 27. Rxe2 Bxd4+
28. Kg2 Qf6 29. Qh7+ Kf8 30. Rae1 Qh8 31. Nxe6+ Rxe6 32. Bh6+ Ke8 33. Rxe6+ Kd7
34. Rxd6+ Kxd6 35. Qxf7 Qxh6 36. Qxd5+ Kc7 37. Re7+ 1-0

[Event "GAMMA Reykjavik Open 2019"]
[Site "Reykjavik ISL"]
[Date "2019.04.08"]
[Round "1.51"]
[White "Sarkar, Justin"]
[Black "Larson, Gerald"]
[Result "1-0"]
[WhiteTitle "IM"]
[WhiteElo "2337"]
[BlackElo "2038"]
[WhiteFideId "2010011"]
[BlackFideId "2018756"]
[EventDate "2019.04.08"]

1. d4 Nf6 2. c4 g6 3. Nc3 d5 4. Nf3 Bg7 5. g3 c6 6. Bg2 O-O 7. cxd5 cxd5 8. Ne5
b6 9. O-O Bb7 10. Bf4 Nc6 11. Rc1 Rc8 12. Qa4 Nh5 13. Bxd5 Nxf4 14. gxf4 Nxe5
15. Bxb7 Rc7 16. dxe5 Rxb7 17. Rfd1 Qc8 18. Ne4 Qg4+ 19. Ng3 Rc8 20. Kg2 h5 21.
f3 Qe6 22. Qb3 Rbc7 23. Rxc7 Rxc7 24. Rd8+ Bf8 25. Qxe6 fxe6 26. Ne4 Rc2 27. Kf2
Rxb2 28. Ng5 Rxa2 29. Nxe6 Kf7 30. Nxf8 b5 31. Nh7 b4 32. Ng5+ Kg7 33. Re8 a5
34. Rxe7+ Kf8 35. Rd7 b3 36. Nh7+ Ke8 37. Nf6+ Kf8 38. e6 1-0

[Event "GAMMA Reykjavik Open 2019"]
[Site "Reykjavik ISL"]
[Date "2019.04.08"]
[Round "1.53"]
[White "Jacobsen, Mikkel Manosri"]
[Black "Haraldsson, Haraldur"]
[Result "1-0"]
[WhiteTitle "FM"]
[WhiteElo "2302"]
[BlackElo "2027"]
[WhiteFideId "1444514"]
[BlackFideId "2311100"]
[EventDate "2019.04.08"]

1. d4 Nf6 2. c4 e6 3. Nf3 d5 4. Nc3 Be7 5. cxd5 exd5 6. Bf4 O-O 7. Qc2 c5 8. e3
Bg4 9. Ne5 cxd4 10. exd4 Nc6 11. Nxg4 Nxg4 12. Rd1 g6 13. Be2 Nf6 14. O-O Rc8
15. Bf3 Qd7 16. h3 h5 17. Be5 Rfd8 18. Qe2 a6 19. g4 hxg4 20. hxg4 Ne4 21. Nxe4
dxe4 22. Qxe4 Bg5 23. Kg2 f6 24. Qxg6+ Qg7 25. Qxg7+ Kxg7 26. Bg3 Rxd4 27. Bxc6
Rxd1 28. Rxd1 1-0

[Event "GAMMA Reykjavik Open 2019"]
[Site "Reykjavik ISL"]
[Date "2019.04.08"]
[Round "1.54"]
[White "Jonsson, Gauti Pall"]
[Black "Stefansson, Vignir Vatnar"]
[Result "1-0"]
[BlackTitle "FM"]
[WhiteElo "2027"]
[BlackElo "2293"]
[WhiteFideId "2309092"]
[BlackFideId "2308649"]
[EventDate "2019.04.08"]

1. d4 f5 2. Bf4 Nf6 3. e3 d6 4. Nc3 g6 5. h4 Bg7 6. h5 Nxh5 7. Rxh5 gxh5 8.
Qxh5+ Kf8 9. Be2 Be6 10. Bh6 Rg8 11. Nh3 Bf7 12. Bxg7+ Rxg7 13. Qxf5 Qd7 14. Qf3
Nc6 15. O-O-O Kg8 16. Rh1 Rf8 17. Qe4 e5 18. dxe5 Nxe5 19. Qxb7 d5 20. Nf4 c6
21. Qb4 Bg6 22. Na4 Qf5 23. Bd3 Nxd3+ 24. cxd3 c5 25. Nxc5 Rc7 26. Kd2 Rfc8 27.
Rc1 d4 28. Nb3 dxe3+ 29. fxe3 Rxc1 30. Nxc1 Bf7 31. Nb3 Qe5 32. d4 Qb8 33. Qxb8
Rxb8 34. d5 Kg7 35. Kc3 Kf6 36. Nc5 Kf5 37. b4 a5 38. bxa5 Ra8 39. a6 Ke5 40.
Kc4 Kd6 41. e4 h5 42. Nfd3 h4 43. e5+ Kc7 44. Nf4 1-0

[Event "GAMMA Reykjavik Open 2019"]
[Site "Reykjavik ISL"]
[Date "2019.04.08"]
[Round "1.56"]
[White "Kakulidis, Ellen"]
[Black "Ciolek, Andreas"]
[Result "1-0"]
[WhiteTitle "WCM"]
[BlackTitle "FM"]
[WhiteElo "2022"]
[BlackElo "2284"]
[WhiteFideId "1444972"]
[BlackFideId "12906727"]
[EventDate "2019.04.08"]

1. d4 Nf6 2. g3 g6 3. Bg2 Bg7 4. e4 d6 5. Nc3 O-O 6. Nge2 e5 7. h3 Nbd7 8. O-O
Re8 9. Re1 a6 10. a4 b6 11. Be3 Bb7 12. g4 exd4 13. Bxd4 c5 14. Bxf6 Qxf6 15. e5
Nxe5 16. Bxb7 Rab8 17. Bg2 h5 18. Ng3 hxg4 19. hxg4 Qh4 20. Re4 b5 21. axb5 axb5
22. Qe2 Red8 23. Nd5 Nc4 24. c3 Be5 25. Nf1 Ra8 26. Rxa8 Rxa8 27. f4 Ra2 28.
Rxc4 bxc4 29. fxe5 dxe5 30. Nde3 Ra1 31. Nxc4 Re1 32. Qf2 Qxg4 33. Qxe1 Qxc4 34.
Qxe5 Qb3 35. Qxc5 Qxb2 36. Qd4 Kf8 37. Qb4+ Qxb4 38. cxb4 Ke7 39. Kf2 Kd6 40.
Ke3 Kc7 41. Kd4 1-0

[Event "GAMMA Reykjavik Open 2019"]
[Site "Reykjavik ISL"]
[Date "2019.04.08"]
[Round "1.57"]
[White "Ortega Ruiz, Jose Miguel"]
[Black "Savage, Allan"]
[Result "1-0"]
[WhiteTitle "FM"]
[BlackTitle "FM"]
[WhiteElo "2281"]
[BlackElo "2021"]
[WhiteFideId "2209713"]
[BlackFideId "2002221"]
[EventDate "2019.04.08"]

1. d4 e6 2. c4 f5 3. g3 Nf6 4. Bg2 d5 5. Nh3 c6 6. O-O Bd6 7. Bf4 O-O 8. Nd2 Be7
9. Qc2 Nh5 10. Nf3 Nxf4 11. Nxf4 g5 12. Nd3 Nd7 13. b4 Bd6 14. a4 Qf6 15. Qc3
dxc4 16. Qxc4 Nb6 17. Qb3 Nd7 18. Rad1 g4 19. Nd2 Qxd4 20. Nc4 Nb6 21. Ndb2 Qf6
22. Nxd6 Nd5 23. e4 Nc3 24. Rde1 Nxe4 25. Bxe4 fxe4 26. Nxc8 1-0

[Event "GAMMA Reykjavik Open 2019"]
[Site "Reykjavik ISL"]
[Date "2019.04.08"]
[Round "1.58"]
[White "Bejatovic, Bojana"]
[Black "Sohal, Tanraj"]
[Result "0-1"]
[BlackTitle "FM"]
[WhiteElo "2021"]
[BlackElo "2280"]
[WhiteFideId "15000141"]
[BlackFideId "2608499"]
[EventDate "2019.04.08"]

1. e4 c5 2. d3 Nc6 3. Nf3 e6 4. g3 d5 5. Nbd2 Bd6 6. Bg2 Nge7 7. O-O O-O 8. Re1
Qc7 9. c3 Bd7 10. Qe2 f6 11. Nf1 d4 12. h4 e5 13. h5 Bg4 14. h6 g5 15. N1h2 Be6
16. Nd2 Kh8 17. Qh5 b5 18. Ndf3 Qd7 19. Nxg5 fxg5 20. Qxg5 Ng6 21. Nf1 Rf7 22.
f4 exf4 23. gxf4 Rg8 24. f5 Bh2+ 25. Kxh2 Qc7+ 26. Kh1 Nge5 27. Qh5 Nxd3 28. Qe2
Nxc1 29. Raxc1 Qf4 0-1

[Event "GAMMA Reykjavik Open 2019"]
[Site "Reykjavik ISL"]
[Date "2019.04.08"]
[Round "1.59"]
[White "Einarsson, Halldor Gretar"]
[Black "Petursson, Gudni"]
[Result "0-1"]
[WhiteTitle "FM"]
[WhiteElo "2279"]
[BlackElo "2020"]
[WhiteFideId "2300150"]
[BlackFideId "2301725"]
[EventDate "2019.04.08"]

1. d4 Nf6 2. c4 e6 3. Nf3 b6 4. g3 Bb7 5. Bg2 Be7 6. O-O O-O 7. Re1 d5 8. cxd5
exd5 9. Nc3 c6 10. Bf4 Nbd7 11. Rc1 Re8 12. Bh3 Nf8 13. Qb3 Ng6 14. Ne5 Nxf4 15.
gxf4 Bd6 16. e3 Re7 17. Ne2 Rc7 18. a3 Qe7 19. Ng3 g6 20. Bg2 c5 21. Qd1 Rac8
22. Bh3 Rd8 23. Ng4 Nxg4 24. Bxg4 Qf6 25. Ne2 Kh8 26. Kh1 g5 27. Ng3 gxf4 28.
Nh5 Qh4 29. exf4 Qxf2 30. Rc2 Qh4 31. Rce2 Bc6 32. Re3 Rg8 33. Rg1 f5 34. Bxf5
Rxg1+ 35. Kxg1 Bxf4 36. Rh3 Qg5+ 37. Qg4 Be3+ 38. Rxe3 Qxe3+ 39. Kh1 Qxd4 40.
Qg5 Qd1+ 41. Kg2 Qe2+ 42. Kh3 Qe7 43. Qh6 d4 44. Bxh7 Qe3+ 0-1

[Event "GAMMA Reykjavik Open 2019"]
[Site "Reykjavik ISL"]
[Date "2019.04.08"]
[Round "1.61"]
[White "Hallsson, Jon Eggert"]
[Black "Magnusson, Magnus"]
[Result "0-1"]
[WhiteElo "1710"]
[BlackElo "2006"]
[WhiteFideId "2311569"]
[BlackFideId "2302128"]
[EventDate "2019.04.08"]

1. d4 Nf6 2. Bf4 d6 3. e3 Nbd7 4. Nf3 e6 5. Bd3 Qe7 6. Nc3 c6 7. Bg5 h6 8. Bh4
e5 9. dxe5 dxe5 10. Bc4 g5 11. Bg3 g4 12. Nd2 b5 13. Bb3 Nc5 14. O-O b4 15. Na4
Nfe4 16. Nxc5 Nxc5 17. Bc4 h5 18. f3 h4 19. fxg4 f6 20. Bf2 Be6 21. Qf3 e4 22.
Qe2 h3 23. Bg3 hxg2 24. Kxg2 O-O-O 25. Ba6+ Nb7 26. a3 Qd7 27. Rfd1 Bxg4 28. Qf2
Bd6 29. Nxe4 Bxg3 30. Qxg3 Bxd1 31. Rxd1 Qxd1 32. Nc5 Rd2+ 0-1

[Event "GAMMA Reykjavik Open 2019"]
[Site "Reykjavik ISL"]
[Date "2019.04.08"]
[Round "1.63"]
[White "Mai, Alexander Oliver"]
[Black "Fridthjofsdottir, Sigurl. Regina"]
[Result "0-1"]
[WhiteElo "2003"]
[BlackElo "1699"]
[WhiteFideId "2313391"]
[BlackFideId "2300788"]
[EventDate "2019.04.08"]

1. e4 d5 2. exd5 Qxd5 3. Nc3 Qd8 4. d4 Nf6 5. Nf3 Bg4 6. Be2 e6 7. O-O Be7 8.
Ne5 Bxe2 9. Nxe2 O-O 10. c4 Nfd7 11. f4 c5 12. d5 exd5 13. cxd5 Nf6 14. Nc3 Na6
15. Nc4 b5 16. Nxb5 Nxd5 17. Ne3 Ndb4 18. Qf3 Qd7 19. a4 Bf6 20. Rd1 Bd4 21.
Nxd4 cxd4 22. b3 Nc5 23. Nc4 d3 24. Be3 Nxb3 25. Ne5 Qe6 26. Rab1 Rad8 27. Bxa7
Qa6 28. Be3 Nd4 29. Qf2 Ne2+ 30. Kh1 Nc3 31. Bc5 Nxd1 32. Rxd1 Qxa4 33. Qd2 Nc6
34. Nxc6 Qxc6 35. Bxf8 Kxf8 36. h3 Qc4 37. Rc1 Qd4 38. Re1 Kg8 39. Rd1 h5 40.
Kh2 g6 41. g3 Rd5 42. Rc1 Rb5 43. Rc3 Rb1 0-1